10 stanów USA z najniższym wskaźnikiem morderstw - Statystyki

Ogólne statystyki
  • Ten quiz został rozwiązany 74 razy
  • Średni wynik to 4 z 10
Statystyki odpowiedzi
Wskaźnik morderstw Zmiana Stan % Poprawnych
1,6 -20 Maine
62%
2,2 +69 Vermont
58%
2,9 +142 Hawaje
47%
3 +131 Rhode Island
47%
0,9 -31 New Hampshire
45%
2,9 +38 Oregon
44%
2,2 -4 Idaho
39%
3,1 +63 Utah
39%
3,1 -3 Wyoming
35%
2,3 -18 Massachusetts
26%
Nie znaleziono quizów pasujących do podanych kryteriów
Rozkład punktacji
Procent ludzi z każdym wynikiem
Percentyl według liczby udzielonych odpowiedzi
Twoja historia wyników
Nie rozwiązałeś tego quizu